Online Catalogue and eLibrary

Toward a new psychology of women (Record no. 748)

MARC details
000 -LEADER
fixed length control field 00384nam a2200157Ia 4500
005 - DATE AND TIME OF LATEST TRANSACTION
control field 20240704050852.0
008 - FIXED-LENGTH DATA ELEMENTS--GENERAL INFORMATION
fixed length control field 240331s9999 xx 000 0 und d
020 ## - INTERNATIONAL STANDARD BOOK NUMBER
ISBN 01402.20372
082 ## - DDC Classification
Class No. 155
Item Number - Author Mark MIL
100 ## - MAIN ENTRY--PERSONAL NAME
Personal name Miller, J.B
245 #0 - TITLE STATEMENT
Title Toward a new psychology of women
260 ## - PUBLICATION, DISTRIBUTION, ETC.
Place of publication, distribution, etc. New york
Name of publisher, distributor, etc. Pengiun Books
Date of publication, distribution, etc. 1976
300 ## - PHYSICAL DESCRIPTION
Extent (e.g. Volumes, Pages etc.) xi, 147 p .,
650 ## - SUBJECT ADDED ENTRY--TOPICAL TERM
Topical term or geographic name entry element Psychology
942 ## - Koha item type (Biblio)
Koha item type Books in Stacks (Lending)
Holdings
Lost status Damaged status Collection code Home library Current library Shelving location Date acquired Full call number Accession Number Item type
    Lending WERC Library WERC Library Social Science Cupboard 03/31/2024 155 MIL 158 Books in Stacks (Lending)

© WERC Library